000 00329nam a2200133Ia 4500
008 240624s9999 xx 000 0 und d
041 _aeng
082 _a658.15 KHA
100 _aKHAN M Y
245 _aFINANCIAL SERVICES
250 _a(7th ed.)
260 _c2013
_aNew Delhi
_bMcGraw-Hill
300 _axxi, : 706 : p. : cm. ; 22
999 _c22824
_d22824